|
|
|
|
| LEADER |
01071nam a2200217 a 4500 |
| 008 |
090621s1998 my a b 001 0 eng d |
| 020 |
|
|
|a 1858600529 (hbk.)
|
| 020 |
|
|
|a 1858600510 (pbk.)
|
| 020 |
|
|
|a 9839747304
|
| 082 |
0 |
0 |
|a 174/.966
|2 21
|
| 100 |
1 |
|
|a Ho, Mae-Wan.
|
| 245 |
1 |
0 |
|a Genetic engineering, dream or nightmare? :
|b the brave new world of bad science and big business /
|c Mae-Wan Ho.
|
| 260 |
|
|
|a Malaysia :
|b Third World Network ;
|a Bath, UK :
|b Gateway Books ;
|a Grawn, MI :
|b Distributed in the USA by Access Publishers Network,
|c c1998.
|
| 300 |
|
|
|a ix, 317 p. :
|b ill. ;
|c 24 cm.
|
| 504 |
|
|
|a Includes bibliographical references and index.
|
| 541 |
1 |
|
|e 00011574
|
| 650 |
|
0 |
|a Genetic engineering
|x Moral and ethical aspects.
|
| 650 |
|
0 |
|a Biotechnology
|x Moral and ethical aspects.
|
| 852 |
4 |
|
|a Ayesha Abed Library
|j General shelf
|
| 999 |
|
|
|c 1600
|d 1600
|
| 952 |
|
|
|0 0
|1 0
|2 ddc
|4 0
|6 174_000000000000000__966_HOM
|7 0
|9 1474
|a BRACUL
|b BRACUL
|c GEN
|d 2009-06-28
|g 0.00
|l 6
|m 14
|o 174.966 HOM
|p 3010011574
|r 2025-10-14
|s 2025-10-12
|t 1
|w 2009-06-28
|y BK
|x No price found in the accession register.
|